000 00234nam a2200097Ia 4500
001 924427
005 20250826191521.0
008 250824s9999 xx 000 0 und d
245 0 _aSAVAŞ VE BARIŞ
_cTOLSTOY
260 _bANONİM YAYINLARI
999 _c924427
_d924427